Statistics for he who fights with monsters quiz

Click here to take the quiz!

General Stats

  • This quiz has been taken 19 times
  • The average score is 8 of 21

Answer Stats

HintAnswer% Correct
the awakening stone Jason uses to get Collinapocalypse
85%
Emir's love interestConstance
62%
the location where Jason first appears in the magic worldvane estate
62%
the great astral being that Clive veneratescelestial book
54%
the name of the first chapter of the first bookstrange business
54%
Sophie's nickname whilst in the greenstone fighting pitsthe nightingale
54%
Danielle Geller's confluence essencetime
54%
the city in which the first gold rank monster on earth appearsMakassar
46%
the man responsible for Farrah's tortureAdrien Barbou
31%
farther of Elspeth Arellaadris Dorgan
31%
the name of the ability used to summon Gordonavatar of doom
31%
servant of the Sunderd throne (looks a bit like Gordon)Carmen
31%
the noble family in greenstone known for making teaDavone
31%
first gold ranker Jason fightsjack Gerling
31%
deputy director of the magic society greenstone branchPochard Finn
31%
Jason's hometownCasselton beach
23%
the great astral being in charge of timekeeper of moments
23%
the name of Jason's brother in lawIan Evans
15%
the network branch responsible for hiding earth's only permanent
astral space
Lyon
15%
the tailors in greenstone that Jason favoursgilberts resilient attire for the discerning gentleman
8%
the tailors in Rimeros that Jason favourssensual attire for the sensual gentleman
8%

Score Distribution

Percentile by Number Answered

Percent of People with Each Score

Your Score History

You have not taken this quiz